000 00586cam a2200205 04500
001 6081
090 _a6081
100 _a20211231d1987 a||y0pory5003 ba
200 1 _aRicky, Rocky e Ringo vão à lua
_fMauri Kunnas
210 9 _aPorto
_cCivilização
_dimp. 1987
215 _a[14] p.
_ctodo il.
_d24 cm
225 2 _aRicky, Rocky e Ringo
_v4
606 _914
_aLiteratura infantil
606 _913
_aLiteratura Estrangeira
675 _a82-93
_vBN
_zpor
675 _a821.1/.8
_vBN
_zpor
700 _aKunnas
_bMauri
_95791
801 0 _aPT
_bBMVN
_gRPC
830 _cAna Caetano
_d31/12/2021
990 _cLIVROS